000 00896nam a2200265 i 4500
001 153014
003 ES-MaACL
005 20250803000242.0
008 210901s2016 sp 001 0bspa d
020 _a978-84-16923-08-3
080 _a821.134.2 Nieva, Francisco 1.07
100 1 _aPeña Martín, J. Francisco.
_9163879
245 1 0 _aFrancisco Nieva :
_bun teatro en libertad /
_cJ. Francisco Peña.
250 _a1ª ed.
260 _aMadrid :
_bAntígona,
_c2016.
300 _a383 p. ;
_c21 cm.
490 1 _aCrítica ;
_v16
500 _aEstrenos teatrales de Francisco Nieva.
504 _aBibliografía: p. 345-373.
600 1 4 _aNieva, Francisco-
_xCrítica e interpretación.
_9173648
830 1 0 _aCrítica
_v16
_9187746
852 4 _aES-MaACL
_jA-14766
_9158573
_bR.152146
_cDEPO1
_dOlim: N-7766
_hDonación: Editorial
942 _2udc
999 _c153014
_d153014